00606mam a22002057a 4500001000800000005001700008008004100025010001700066020001500083035002300098040001300121082001800134100002800152245004000180260006000220300002000280490002800300700002100328830005100349336810720220326193306.0020729s2001 cr 000 0 spa  a 2002433335 a9968834270 a(OCoLC)ocm50756238 aDLCcDLC a861.44bT787c1 aTrejos, Alfredo,d1977-10aCarta sin cuerpo /cAlfredo Trejos. aSan José, Costa Rica :bEdiciones Perro Azul,cc2001. a52 p. ;c21 cm.1 aColección de poesía aTrejos, Alfredo, 0aColección de poesía (Ediciones Perro Azul)